Подсчет запасов нефти объемным методом

Xehetasun bibliografikoak
Egile nagusia: Борисенко З. Г. Зинаида Григорьевна
Beste egile batzuk: Сосон М. Н. Марк Наумович
Hizkuntza:errusiera
Argitaratua: Москва, Недра, 1973
Gaiak:
Formatua: MixedMaterials Liburua
KOHA link:https://koha.lib.tpu.ru/cgi-bin/koha/opac-detail.pl?biblionumber=71914

MARC

LEADER 00000nam0a2200000 4500
001 71914
005 20231031082953.0
035 |a (RuTPU)RU\TPU\book\76644 
090 |a 71914 
100 |a 20041227d1973 km y0rusy50 ca 
101 0 |a rus 
102 |a RU 
105 |a a z 001zy 
200 1 |a Подсчет запасов нефти объемным методом  |f З. Г. Борисенко, М. Н. Сосон 
210 |a Москва  |c Недра  |d 1973 
215 |a 177 с.  |c ил. 
320 |a Библиогр.: с. 174-175 
610 1 |a геология 
610 1 |a запасы 
610 1 |a подсчет 
610 1 |a параметры 
610 1 |a объемный метод 
610 1 |a переоценка 
675 |a 553.982  |v 3 
700 1 |a Борисенко  |b З. Г.  |g Зинаида Григорьевна 
701 1 |a Сосон  |b М. Н.  |g Марк Наумович 
801 1 |a RU  |b 63413507  |c 20041227  |g PSBO 
801 2 |a RU  |b 63413507  |c 20150326  |g PSBO 
942 |c BK